| 000 | 00994cam a2200325 a 4500 | ||
|---|---|---|---|
| 001 | 3155 | ||
| 005 | 20250131080041.0 | ||
| 020 | _a9780545351447 | ||
| 040 |
_aDLC _cDLC _dIG# _dEHH _dXY4 _dDLC _beng |
||
| 050 | 0 | 0 |
_aPZ7.W65535 _b 2010 |
| 082 | 0 | 0 | _a813.6 |
| 100 | 1 | _aWillems, Mo | |
| 245 | 1 | 0 |
_aCat the cat, who is that? / _cby Mo Willems |
| 250 | _aFirst Scholastic printing, March 2011 | ||
| 260 |
_aNew York : _bScholastic, _c2010 |
||
| 300 |
_a20 unnumbered pages : _bcolor illustrations ; _c24 cm. |
||
| 490 | 0 | _aCat the cat | |
| 505 | _aC | ||
| 520 | _aAn exuberant cat introduces readers to her friends. | ||
| 521 | 1 |
_a120
_bLexile |
|
| 521 | 1 |
_aC
_bRaz-Plus |
|
| 650 | 0 |
_aCats _vJuvenile fiction. |
|
| 650 | 0 |
_aAnimals _vJuvenile fiction. |
|
| 650 | 0 |
_aFriendship _vJuvenile fiction. |
|
| 650 | 1 |
_aCats _vFiction. |
|
| 650 | 1 |
_aAnimals _vFiction. |
|
| 650 | 1 |
_aFriendship _vFiction. |
|
| 906 |
_a7 _bcbc _corignew _d1 _eecip _f20 _gy-gencatlg |
||
| 942 |
_2ddc _cBK _n0 |
||
| 999 |
_c3155 _d3155 |
||